Normal view
MARC view
Entry Topical Term
001 - CONTROL NUMBER
- control field: 755308
003 - CONTROL NUMBER IDENTIFIER
- control field: OSt
005 - DATE AND TIME OF LATEST TRANSACTION
- control field: 20250507130401.0
008 - FIXED-LENGTH DATA ELEMENTS
- fixed length control field: 250507|| aca||aabn | a|a d
040 ## - CATALOGING SOURCE
- Original cataloging agency: OSt
- Transcribing agency: OSt
150 ## - HEADING--TOPICAL TERM
- Topical term or geographic name entry element: Priests-Buddhist -marriage-Japan; Marriage- Religious Aspects-Buddhism; JEL
670 ## - SOURCE DATA FOUND
- Source citation: Work cat.: (OSt)1319382: Jaffe Richard M, Neither monk nor layman: Clerical marriage in modern Japanese Buddhism, 2001
